000 01001nmm a2200325 a 4500
001 ocm0002146657
003 TR-IsHL
005 20201028183620.0
008 190409s2019 tu tur
007 cr cn
020 _a9786057557667
035 _a2146657
_b(N$T)
050 0 4 _aHM449
_b.A93 2019
090 0 4 _aHM449
_b.A93 2019
100 1 _aAvcı, Mahmut
245 1 0 _aZygmunt Bauman'ın insan anlayışı
_h[electronic resource] /
_cMahmut Avcı
250 _a1. Baskı
260 _aKonya :
_bEğitim Yayınevi,
_c2019
300 _a145 p.
500 _aKaynakça: sayfa 141-144 ve dizin var.
650 4 _aFelsefe, Psikoloji ve Din
650 4 _aPhilosophy, Psychology and Religion
650 0 _aPostmodernizm
650 0 _aPostmodernism
650 0 _aBauman, Zygmunt, 1925-
650 0 _aAhlak
650 0 _aEthics
650 7 _avPHILOSOPHY / General
_2bisacsh
856 4 0 _uhttp://search.ebscohost.com/login.aspx?direct=true&scope=site&db=e011xww&AN=2146657
999 _c20620
_d20620